| 000 | 00000nam##2200000za#4500 |
| 001 | 9.630725 |
| 003 | CaOODSP |
| 005 | 20210624213958 |
| 007 | cr ||||||||||| |
| 008 | 150407|2000||||xxc|||||o f|0| 0 fre|d |
| 020 | |a0-662-86081-0 |
| 040 | |aCaOODSP|bfre |
| 043 | |an-cn--- |
| 086 | 1 |aE2-411/2000F-IN |
| 110 | 1 |aCanada.|bAffaires étrangères et Commerce international. |bCentre canadien pour le développement de la politique étrangère. |
| 245 | 10|aL'engagement du Canada envers la paix mondiale : |h[ressource électronique]|boption politiques du CCDPE / |cRédigé par le Groupe des 78. |
| 260 | |aOttawa - Ontario : |bAffaires étrangères et Commerce international. |c2000. |
| 300 | |a58p.|bréférences |
| 590 | |a10-06-Supp|b2010-07-26 |
| 691 | 07|aLimitation des armements|2gcpds |
| 691 | 07|aMaintien de la paix|2gcpds |
| 691 | 07|aPolitique étrangère|2gcpds |
| 691 | 07|aRésolution de conflit|2gcpds |
| 775 | 08|tCanada's commitment to world peace : |w(CaOODSP)9.686234 |
| 776 | 0#|tCanada's commitment to world peace : |w(CaOODSP)9.663059 |
| 776 | 0#|tL'engagement du Canada envers la paix mondiale : |w(CaOODSP)9.663060 |
| 856 | 40|ahttp://publications.gc.ca|qPDF|s1 Ko|uhttps://publications.gc.ca/collections/Collection/E2-411-2000F.pdf |
| 986 | |a6002.F |